| 000 | 00857cam a2200265 a 4500 | ||
|---|---|---|---|
| 001 | 4508516 | ||
| 003 | OSt | ||
| 005 | 20170105101201.0 | ||
| 008 | 980827s1999 caua b 001 0 eng | ||
| 010 | _a 98043023 | ||
| 020 | _z0534261475 (alk. paper) | ||
| 040 |
_aDLC _cDLC _dDLC |
||
| 050 | 0 | 0 |
_aHM131 _b.F685 1999 |
| 082 | 0 | 0 |
_a302.3/4 _221 |
| 100 | 1 |
_aForsyth, Donelson R., _d1953- |
|
| 245 | 1 | 0 |
_aGroup dynamics / _cDonelson R. Forsyth. |
| 250 | _a3rd ed. | ||
| 260 |
_aBelmont, Calif. : _bBrooks/Cole, _cc1999. |
||
| 300 |
_axvi, 622 p. : _bill. ; _c24 cm. |
||
| 504 | _aIncludes bibliographical references (p. 497-586) and index. | ||
| 650 | 0 | _aSocial groups. | |
| 906 |
_a7 _bcbc _corignew _d1 _eocip _f19 _gy-gencatlg |
||
| 942 |
_2ddc _cBK |
||
| 999 |
_c2783 _d2783 |
||